000 00524cam a22002171 4500
001 sa 63002079
003 DLC
005 20260227111931.0
008 891227s1963 ii 000 0 hino
010 _asa 63002079
035 _a(OCoLC)20821413
040 _aDLC
_cWaU
_dDLC
042 _apremarc
050 0 0 _aPK2032
_b.S48
100 1 _aSharma, Padma Singh,
_d1920-
245 1 0 _aSāhityika nibandha maṇi.
260 _c[1963]
300 _a143 p.
_c25 cm.
500 _aIn Hindi.
650 0 _aHindi literature.
999 _c54304
_d54304